000 01298cam a2200361 i 4500
001 18262016
003 Nust- CAS-E
005 20180118181404.0
008 140811s2013 pk b 001 0 eng
010 _a 2014323741
020 _a9789698535216
025 _aP-E-2014323741; 28
037 _bLibrary of Congress -- Islamabad Overseas Office
_cRs 400
040 _aDLC
_beng
_cDLC
_erda
042 _alcode
_apcc
043 _aa-pk---
_aa-ii---
050 0 0 _aU163
_b.Y35 2013
082 _bYAM
_a355.3430954
_2YAM 2014
100 1 _aYamin, Tughral,
_eauthor.
_98084
245 1 0 _aCyberspace CBMs between Pakistan and India /
_cTughral Yamin.
260 _aIslamabad:
_bNational University of Sciences and Technology Islāmābād;
_c2014.
300 _axvi, 275 pages ;
_c22 cm
502 _a0
504 _aIncludes bibliographical references (pages 243-275) and index.
650 0 _aInformation warfare
_zPakistan.
_98085
650 0 _aInformation warfare
_zIndia.
_98086
650 0 _aCyberspace
_zPakistan.
_98087
650 0 _aCyberspace
_zIndia.
_98088
710 2 _aNational University of Sciences and Technology (Islāmābād, Pakistan)
_98089
906 _a7
_bcbc
_corigode
_d3
_encip
_f20
_gy-gencatlg
942 _2ddc
_cBK
999 _c355515
_d355515